Bitácora para la Cátedra de la Paz (Registro nro. 17719)

Detalles MARC
000 -LDR (LÍDER)
Campo de control de longitud fija 01847nam a2200469 a 4500
001 - NÚMERO DE CONTROL
control field 991003364369707486
003 - IDENTIFICADOR DEL NÚMERO DE CONTROL
Campo de control CO-PeBPR
005 - FECHA Y HORA DE LA ÚLTIMA TRANSACCIÓN
Campo de control 20260417115255.0
008 - ELEMENTOS DE DATOS DE LONGITUD FIJA--INFORMACIÓN GENERAL
Campo de control de longitud fija 171218s2016 ck a gr 000 0 spa d
020 ## - Código Internacional normalizado para libros
Código Internacional normalizado para libros 9789588908595
040 0# - FUENTE DE CATALOGACIÓN
Agencia catalogadora original CO-PeBPR
Idioma de la agencia catalogadora spa
Agencia que transcribe CO-PeBPR
Norma para la descripción rda
041 0# - Código del Idioma
Código idioma del recurso original spa
082 04 - NÚMERO DE CLASIFICACIÓN DECIMAL DEWEY
Número de clasificación 370.115 P469b
245 10 - MENCIÓN DE TÍTULO
Título propiamente dicho Bitácora para la Cátedra de la Paz
Subtítulo o título paralelo : formación de maestros y educadores para una Colombia en paz
Mención de responsabilidad / Carol Pertuz Bedoya... [y otros trece] ; editado por Piedad Ortega Valencia
264 ## - Área de la Producción Publicación, Distribución, Manufactura, etc.
Lugar de publicación, distribución, etc. Bogotá, Colombia
Nombre de la editorial, distribuidor, etc. : Universidad Pedagógica Nacional
Fecha de publicación, distribución, etc. , 2016
300 ## - DESCRIPCIÓN FÍSICA
Extensión 311 páginas
Otros detalles físicos : ilustraciones a color
Dimensiones ; 24 centímetros
336 ## - Tipo de Contenido
Tipo de contenido text
Código de tipo de contenido txt
Fuente rdacontenido
337 ## - Tipo de Medio
Tipo de Medio unmediated
Código de tipo de medio n
Fuente rdamedia
338 ## - Tipo de Soporte
Tipo de soporte volume
Código de tipo de soporte nc
Fuente rdacarrier
500 ## - NOTA GENERAL
Nota general Incluye índice.
504 ## - NOTA DE BIBLIOGRAFIA, ETC.
Nota de bibliografía Incluye bibliografía.
650 14 - ASIENTO SECUNDARIO DE MATERIA - TÉRMINO TEMÁTICO
Fuente del encabezado o término LEMB
Encabezamiento temático Cultura de paz
Subdivisión geográfica Colombia
650 14 - ASIENTO SECUNDARIO DE MATERIA - TÉRMINO TEMÁTICO
Fuente del encabezado o término LEMB
Encabezamiento temático Educación para la paz
Subdivisión geográfica Colombia
650 14 - ASIENTO SECUNDARIO DE MATERIA - TÉRMINO TEMÁTICO
Fuente del encabezado o término LEMB
Encabezamiento temático Paz colombiana
Subdivisión general Enseñanza
650 14 - ASIENTO SECUNDARIO DE MATERIA - TÉRMINO TEMÁTICO
Encabezamiento temático Violencia política
Subdivisión geográfica Colombia
Fuente del encabezado o término LEMB
700 1# - ASIENTO SECUNDARIO - NOMBRE PERSONAL
Nombre personal Pertuz Bedoya, Carol
Término de relación, rol en la obra autora
700 1# - ASIENTO SECUNDARIO - NOMBRE PERSONAL
Nombre personal Girón Ortiz, Claudia
Término de relación, rol en la obra autora
700 1# - ASIENTO SECUNDARIO - NOMBRE PERSONAL
Nombre personal Arévalo Robles, Gabriel Andrés
Término de relación, rol en la obra autor
700 1# - ASIENTO SECUNDARIO - NOMBRE PERSONAL
Nombre personal Choachí González, Helberth
Término de relación, rol en la obra autor
700 1# - ASIENTO SECUNDARIO - NOMBRE PERSONAL
Nombre personal Torres Gámez, Ingrid Lorena
Término de relación, rol en la obra autora
700 1# - ASIENTO SECUNDARIO - NOMBRE PERSONAL
Nombre personal Merchán Diaz, Jeritza
Término de relación, rol en la obra autora
700 1# - ASIENTO SECUNDARIO - NOMBRE PERSONAL
Nombre personal Aponte Otálvaro, Jorge Enrique
Término de relación, rol en la obra autor
700 1# - ASIENTO SECUNDARIO - NOMBRE PERSONAL
Nombre personal Garzón Godoy, Lorena
Término de relación, rol en la obra autora
700 1# - ASIENTO SECUNDARIO - NOMBRE PERSONAL
Nombre personal Herrera Cortés, Martha Cecilia
Término de relación, rol en la obra autora
700 1# - ASIENTO SECUNDARIO - NOMBRE PERSONAL
Nombre personal Ortega Valencia, Piedad Cecilia
Término de relación, rol en la obra autora
700 1# - ASIENTO SECUNDARIO - NOMBRE PERSONAL
Nombre personal Vega Cantor, Renán
Término de relación, rol en la obra autor
700 1# - ASIENTO SECUNDARIO - NOMBRE PERSONAL
Nombre personal Arias Campos, Rosa Ludy
Término de relación, rol en la obra autora
700 1# - ASIENTO SECUNDARIO - NOMBRE PERSONAL
Nombre personal Rodríguez Ávila, Sandra Patricia
Término de relación, rol en la obra autora
700 1# - ASIENTO SECUNDARIO - NOMBRE PERSONAL
Nombre personal Cuerrea Lugo, Víctor De
Término de relación, rol en la obra autor
700 1# - ASIENTO SECUNDARIO - NOMBRE PERSONAL
Nombre personal Ortega Valencia, Piedad Cecilia
Término de relación, rol en la obra editora.
942 ## - ENTRADA DE ELEMENTOS AGREGADOS (KOHA
Fuente de clasificación o esquema de estantería. Dewey Decimal Classification
Tipo de ítem Libro
Existencias
Estado de pérdida Fuente del sistema de clasificación o colocación Estado de daño No disponible para préstamo Colección Biblioteca de origen Biblioteca actual Ubicación en estantería Signatura topográfica completa Ejemplar Código de barras Tipo de ítem Fecha de adquisición Fuente de adquisición Total de pagos Fecha de la última vez visto
  Dewey Decimal Classification     General Biblioteca Pública Departamental Comfamiliar Risaralda Biblioteca Pública Departamental Comfamiliar Risaralda Área General 370.115 P469b Ej.1 RIBPD15435 Libro 17/04/2026 Dotación MinCultura y BNC   17/04/2026